UBT Library

The Structure of Social Inequality (Record no. 53976)

000 -LEADER
fixed length control field 00301nam a22001337a 4500
008 - FIXED-LENGTH DATA ELEMENTS--GENERAL INFORMATION
fixed length control field 190205b xxu||||| |||| 00| 0 eng d
020 ## - INTERNATIONAL STANDARD BOOK NUMBER
International Standard Book Number 896411
041 ## - LANGUAGE CODE
Language code of text/sound track or separate title eng
080 ## - UNIVERSAL DECIMAL CLASSIFICATION NUMBER
Universal Decimal Classification number 316
100 ## - Rafti
Rafti 50
101 ## - Shkurtesa
Shkurtesa SOC
245 ## - TITLE STATEMENT
Title The Structure of Social Inequality
Statement of responsibility, etc Vanfossen, B.E
942 ## - ADDED ENTRY ELEMENTS (KOHA)
Source of classification or shelving scheme
Item type Books
Holdings
Withdrawn status Lost status Source of classification or shelving scheme Damaged status Not for loan Collection code Permanent location Current location Shelving location Date acquired Total Checkouts Full call number Barcode Date last seen Price effective from Koha item type
          Koleksioni i përgjithshem UBT - Lipjan UBT - Lipjan Koleksioni i përgjithshem 02/05/2019   316 VAN 002-3021521 02/05/2019 02/05/2019 Books
UBT Library © 2015-2024. All rights reserved University Education for Business and Technology